LEADER 00898nam a2200253 i 4500 001 000000136588 003 CaOOAMICUS 005 20050330000000.0 008 050330s1996 it u000 u ita u 013 $a110306 020 $a88-18-58046-9 040 $aSeMil$bita 100 1 $aCarminati, Marco.$0(OLS)http://semarc/name/47634 245 13$aLa sedia di paglia :$bromanzo /$cMarco Carminati. 260 $aMilano :$bRusconi,$c1996. 300 $a253 p. ;$c22 cm. 500 $aFondo Card. C.M. Martini. 850 $aSeMil 852 $aSeMil$W1$xVenegono$y1$m1O VI 94$j90182$B90182$CSeMilBibl$Z2$F95035 $81 941 1 $a4 961 $aOmaggio: Martini Card. Carlo Maria 996 $6020$a88-18-58046-9$9(OLS)http://semarc/number/124129 996 $6245$aLa sedia di paglia :$bromanzo$9(OLS)http://semarc/title/199565 996 $6260$aMilano :$bRusconi$9(OLS)http://semarc/publisher/30258 LEADER 00903nam a2200229 i 4500 001 000000107701 003 CaOOAMICUS 005 20180314000000.0 008 180314s1965 it u000 u ita u 013 $a80159 040 $aSeMil$bita 100 1 $aBanfi, Antonio,$d<1886-1957>.$0(OLS)http://semarc/name/2861 245 10$aGalileo e suor Maria Celeste :$btre saggi /$cAntonio Banfi. 260 $aMilano :$bAll'insegna del pesce d'oro,$c1965. 300 $a79 p. ;$c18 cm. 490 0 $aLa primula rossa ;$vN.4 830 3$aLa primula rossa ;$vN.4.$0(OLS)http://semarc/title/21315 850 $aSeMil 852 $aSeMil$W1$xVenegono$y1$m3X II 47$j63797$B63797$CSeMilBibl$Z2$F221537 $81 961 $aOmaggio: Altro 996 $6245$aGalileo e suor Maria Celeste :$btre saggi$9(OLS)http://semarc/title/407150 996 $6260$aMilano :$bAll'insegna del pesce d'oro$9(OLS)http://semarc/publisher/29752